[Event "Saarland-ch Seniors"]
[Site "Schiffweiler"]
[Date "2009.04.11"]
[Round "9"]
[White "Schampel, Arno"]
[Black "Lang, Hermann"]
[Result "1-0"]
[WhiteElo "1956"]
[BlackElo "1976"]
[PlyCount "55"]
[EventDate "2009.04.03"]
[EventType "swiss"]
[EventRounds "9"]
[EventCountry "GER"]
[SourceTitle "EXT 2012"]
[Source "ChessBase"]
[SourceDate "2011.11.24"]
[SourceVersion "1"]
[SourceVersionDate "2011.11.24"]
[SourceQuality "1"]

1. d4 Nf6 2. c4 c5 3. Nf3 cxd4 4. Nxd4 Nc6 5. Nc2 g6 6. Nc3 Bg7 7. g3 0-0 8. Bg2 d6 9. 0-0 Ng4 10. h3 Nge5 11. Ne3 Be6 12. Ncd5 Na5 13. Qa4 Rc8 14. Nxe7+ Qxe7 15. Qxa5 b6 16. Qa6 Nxc4 17. Nd5 Bxd5 18. Bxd5 Na5 19. e4 Rc2 20. Rb1 Rfc8 21. b4 R8c7 22. bxa5 Bd4 23. Be3 Bxe3 24. fxe3 Qg5 25. Rf3 Qh5 26. Qf1 Kg7 27. Rxf7+ Rxf7 28. Qxf7+ 1-0

[Event "Saarland-ch Seniors"]
[Site "Eppelborn"]
[Date "2008.03.26"]
[Round "4"]
[White "Bauer, Werner"]
[Black "Lang, Hermann"]
[Result "1/2-1/2"]
[WhiteElo "1770"]
[BlackElo "1976"]
[PlyCount "99"]
[EventDate "2008.03.15"]
[EventType "swiss"]
[EventRounds "9"]
[EventCountry "GER"]
[SourceTitle "EXT 2010"]
[Source "ChessBase"]
[SourceDate "2010.11.25"]
[SourceVersion "1"]
[SourceVersionDate "2010.11.25"]
[SourceQuality "1"]

1. Nc3 c5 2. g4 d6 3. Bg2 Nc6 4. h3 h5 5. g5 e6 6. Nf3 Nge7 7. d4 Nxd4 8. Nxd4 cxd4 9. Qxd4 Nc6 10. Qd2 d5 11. a3 g6 12. f4 Bg7 13. 0-0 Bd7 14. Rb1 Rc8 15. Kh1 Na5 16. Nd1 Nc4 17. Qd3 Qc7 18. b3 Nd6 19. c4 dxc4 20. bxc4 Bc6 21. e4 0-0 22. Ne3 Rcd8 23. Qc2 b6 24. a4 Nb7 25. Ba3 Rfe8 26. c5 Nxc5 27. Bxc5 bxc5 28. e5 Bxg2+ 29. Qxg2 Rb8 30. Nc4 Bf8 31. Rfd1 Rxb1 32. Rxb1 Rb8 33. Rd1 Rb4 34. Nd6 Rxf4 35. Qa8 Rd4 36. Rf1 Rxd6 37. exd6 Qxd6 38. Qf3 Qd5 39. h4 Bg7 40. Kg2 Be5 41. Rd1 Qa2+ 42. Kh3 Qxa4 43. Rb1 Qc2 44. Rb7 Qf5+ 45. Qxf5 gxf5 46. Rxa7 Kg7 47. Kg2 Kg6 48. Kf3 Bg7 49. Rc7 Bd4 50. Rc6 1/2-1/2

[Event "Saarland-ch Seniors 26th"]
[Site "Germany"]
[Date "2007.04.05"]
[Round "7"]
[White "Passeier, Helmut"]
[Black "Lang, Hermann"]
[Result "1-0"]
[WhiteElo "1888"]
[BlackElo "1762"]
[PlyCount "47"]
[EventDate "2007.03.30"]
[EventType "swiss"]
[EventRounds "9"]
[EventCountry "GER"]
[SourceTitle "EXT 2008"]
[Source "ChessBase"]
[SourceDate "2007.11.25"]
[SourceVersion "1"]
[SourceVersionDate "2007.11.25"]
[SourceQuality "1"]

1. d4 Nf6 2. c4 c5 3. d5 b5 4. cxb5 a6 5. b6 Qxb6 6. Nc3 g6 7. e4 d6 8. Bc4 Nbd7 9. f4 Bg7 10. Nf3 0-0 11. 0-0 Qc7 12. Kh1 Rb8 13. Qe2 Nb6 14. Bxa6 Bxa6 15. Qxa6 Ra8 16. Qe2 Na4 17. Bd2 Rfb8 18. b3 Nxc3 19. Bxc3 Nxd5 20. Bxg7 Nxf4 21. Qd2 Kxg7 22. Qxf4 Rb4 23. Ng5 e6 24. Qf6+ 1-0

[Event "Saarland-ch Seniors 26th"]
[Site "Germany"]
[Date "2007.04.03"]
[Round "5"]
[White "Ewen, Ewald"]
[Black "Lang, Hermann"]
[Result "1/2-1/2"]
[WhiteElo "1370"]
[BlackElo "1762"]
[PlyCount "20"]
[EventDate "2007.03.30"]
[EventType "swiss"]
[EventRounds "9"]
[EventCountry "GER"]
[SourceTitle "EXT 2008"]
[Source "ChessBase"]
[SourceDate "2007.11.25"]
[SourceVersion "1"]
[SourceVersionDate "2007.11.25"]
[SourceQuality "1"]

1. c4 c5 2. Nc3 Nc6 3. Nf3 Nf6 4. g3 g6 5. Bg2 Bg7 6. 0-0 0-0 7. d3 d6 8. Re1 Re8 9. e4 e5 10. a3 a6 1/2-1/2

[Event "Saarland-ch Seniors 26th"]
[Site "Germany"]
[Date "2007.03.31"]
[Round "2"]
[White "Lang, Hermann"]
[Black "Gross, Ernst"]
[Result "0-1"]
[WhiteElo "1762"]
[BlackElo "1584"]
[PlyCount "82"]
[EventDate "2007.03.30"]
[EventType "swiss"]
[EventRounds "9"]
[EventCountry "GER"]
[SourceTitle "EXT 2008"]
[Source "ChessBase"]
[SourceDate "2007.11.25"]
[SourceVersion "1"]
[SourceVersionDate "2007.11.25"]
[SourceQuality "1"]

1. c4 Nf6 2. Nf3 b6 3. g3 e6 4. Bg2 Bb7 5. 0-0 c5 6. Nc3 a6 7. d3 Be7 8. Rb1 0-0 9. a3 Nc6 10. e3 d5 11. cxd5 exd5 12. d4 Rc8 13. Bh3 Rb8 14. Ne5 Qc7 15. Nxc6 Bxc6 16. Bd2 Rbd8 17. f3 Bd6 18. Be1 Rfe8 19. Bf2 b5 20. b4 cxd4 21. exd4 Bd7 22. Bxd7 Qxd7 23. Qd3 Rc8 24. Rfe1 Qc7 25. Rxe8+ Rxe8 26. Re1 Rc8 27. Re3 Kf8 28. Qf5 Qc6 29. Kg2 Bb8 30. h4 g6 31. Qd3 Ba7 32. Be1 Qc4 33. Qxc4 Rxc4 34. Rd3 Rxd4 35. Rxd4 Bxd4 36. Kf1 Ke7 37. Ke2 Ke6 38. Kd3 Bb6 39. Bd2 Nd7 40. Be3 Ne5+ 41. Ke2 d4 0-1

[Event "Saarland-ch Seniors 26th"]
[Site "Germany"]
[Date "2007.03.30"]
[Round "1"]
[White "Bickelmann, Horst"]
[Black "Lang, Hermann"]
[Result "1-0"]
[WhiteElo "1454"]
[BlackElo "1762"]
[PlyCount "69"]
[EventDate "2007.03.30"]
[EventType "swiss"]
[EventRounds "9"]
[EventCountry "GER"]
[SourceTitle "EXT 2008"]
[Source "ChessBase"]
[SourceDate "2007.11.25"]
[SourceVersion "1"]
[SourceVersionDate "2007.11.25"]
[SourceQuality "1"]

1. e4 c5 2. Bc4 d6 3. Nf3 e6 4. Nc3 a6 5. a3 Nf6 6. d3 Be7 7. 0-0 b5 8. Ba2 Bb7 9. Re1 0-0 10. Bd2 Nc6 11. Ne2 Nd7 12. Nf4 Bf6 13. Qc1 Re8 14. Nh5 Nde5 15. Nxf6+ Qxf6 16. Nxe5 Nxe5 17. Re3 d5 18. Rg3 Ng6 19. Bc3 d4 20. Bd2 e5 21. Rf3 Qxf3 22. gxf3 Nh4 23. Qd1 Bc8 24. f4 exf4 25. Qh5 Ng6 26. Bxf4 Be6 27. Bxe6 Rxe6 28. Bg3 Rc8 29. f4 Rec6 30. f5 Nf8 31. Rf1 c4 32. Be5 f6 33. Bxd4 cxd3 34. c3 Rc4 35. Rd1 1-0

[Event "Bad Woerishofen Seniors opA 23rd"]
[Site "Bad Woerishofen"]
[Date "2007.03.12"]
[Round "5"]
[White "Lang, Hermann"]
[Black "Winter, Bernd"]
[Result "1/2-1/2"]
[WhiteElo "1718"]
[BlackElo "1827"]
[PlyCount "73"]
[EventDate "2007.03.08"]
[EventType "swiss"]
[EventRounds "9"]
[EventCountry "GER"]
[SourceTitle "EXT 2022"]
[Source "ChessBase"]
[SourceDate "2021.10.06"]
[SourceVersion "1"]
[SourceVersionDate "2021.10.06"]
[SourceQuality "1"]

1. c4 Nf6 2. Nf3 g6 3. g3 Bg7 4. Bg2 0-0 5. Nc3 d6 6. 0-0 c6 7. d3 e5 8. Bd2 Re8 9. Rb1 a5 10. b4 axb4 11. Rxb4 Na6 12. Rb1 Nc5 13. Qc2 e4 14. dxe4 Nfxe4 15. Nxe4 Nxe4 16. Be3 Nc3 17. Rb2 Bf5 18. Qb3 Ne4 19. Bd4 Bxd4 20. Nxd4 Nc5 21. Qd1 Be6 22. Rc2 Ra4 23. Qc1 Qf6 24. Rd1 Rea8 25. Rdd2 Rb4 26. Nxe6 Qxe6 27. Qd1 Rxc4 28. Rxc4 Qxc4 29. Rxd6 Rxa2 30. Rd8+ Kg7 31. Bf3 Ne6 32. Rd7 Rc2 33. Qd6 Rxe2 34. Bxe2 Qxe2 35. Rxb7 Qe1+ 36. Kg2 Qe4+ 37. Kg1 1/2-1/2

[Event "Bad Woerishofen Seniors opA 23rd"]
[Site "Bad Woerishofen"]
[Date "2007.03.09"]
[Round "2"]
[White "Lang, Hermann"]
[Black "Mittermaier, Walter"]
[Result "1-0"]
[WhiteElo "1955"]
[BlackElo "2155"]
[PlyCount "31"]
[EventDate "2007.03.08"]
[EventType "swiss"]
[EventRounds "9"]
[EventCountry "GER"]
[SourceTitle "EXT 2008"]
[Source "ChessBase"]
[SourceDate "2007.11.25"]
[SourceVersion "1"]
[SourceVersionDate "2007.11.25"]
[SourceQuality "1"]

1. c4 g6 2. Nc3 Bg7 3. g3 c6 4. Bg2 f5 5. d3 Nf6 6. Nf3 d6 7. 0-0 0-0 8. Bd2 Nbd7 9. b4 e5 10. Qb3 Qe7 11. e4 h6 12. exf5 gxf5 13. Nh4 Qe6 14. Bh3 Ne8 15. Rae1 Bf6 16. Nxf5 1-0

[Event "Saarland-ch Seniors 25th "]
[Site "Wadg/Hostenbach"]
[Date "2006.04.08"]
[Round "2"]
[White "Passeier, Helmut"]
[Black "Lang, Hermann"]
[Result "1-0"]
[WhiteElo "1888"]
[BlackElo "1724"]
[PlyCount "51"]
[EventDate "2006.04.07"]
[EventType "swiss"]
[EventRounds "9"]
[EventCountry "GER"]
[SourceTitle "EXT 2007"]
[Source "ChessBase"]
[SourceDate "2006.11.23"]
[SourceVersion "1"]
[SourceVersionDate "2006.11.23"]
[SourceQuality "1"]

1. e4 c5 2. Nf3 a6 3. c4 Nc6 4. d4 cxd4 5. Nxd4 g6 6. Nc3 Bg7 7. Be3 d6 8. Be2 Nf6 9. 0-0 0-0 10. Kh1 Ne5 11. f3 Bd7 12. Qd2 Rc8 13. b3 Re8 14. Rfd1 Qc7 15. Rac1 Qb8 16. a4 h5 17. Qe1 Nh7 18. Qg3 Qc7 19. Nd5 Qa5 20. Nf5 gxf5 21. Bb6 Qxd5 22. exd5 Kh8 23. f4 Ng4 24. Qh4 Bh6 25. g3 Nf2+ 26. Bxf2 1-0

[Event "Saarland-ch Seniors 24th"]
[Site "Steinrausch"]
[Date "2005.03.22"]
[Round "5"]
[White "Lang, Hermann"]
[Black "Wolfanger, Horst"]
[Result "1-0"]
[WhiteElo "1718"]
[BlackElo "1477"]
[PlyCount "50"]
[EventDate "2005.03.18"]
[EventType "swiss"]
[EventRounds "9"]
[EventCountry "GER"]
[SourceTitle "EXT 2006"]
[Source "ChessBase"]
[SourceDate "2005.11.24"]
[SourceVersion "1"]
[SourceVersionDate "2005.11.24"]
[SourceQuality "1"]

1. d4 d5 2. c4 dxc4 3. e4 e6 4. Bxc4 a6 5. Nf3 c5 6. d5 exd5 7. Bxd5 Qc7 8. Ng5 Nh6 9. Nc3 Be7 10. h3 Nd7 11. Bxf7+ Nxf7 12. Ne6 Qe5 13. Nd5 Bd8 14. Qg4 Rg8 15. Be3 g6 16. f4 h5 17. fxe5 hxg4 18. Nec7+ Bxc7 19. Nxc7+ Kd8 20. Nxa8 gxh3 21. e6 hxg2 22. Rg1 Nfe5 23. Bg5+ Ke8 24. exd7+ Kxd7 25. Nb6+ Ke6 1-0

[Event "Saarland-ch Seniors 24th"]
[Site "Steinrausch"]
[Date "2005.03.20"]
[Round "3"]
[White "Lang, Hermann"]
[Black "Maas, Karl Heinz"]
[Result "1-0"]
[WhiteElo "1718"]
[BlackElo "1431"]
[PlyCount "71"]
[EventDate "2005.03.18"]
[EventType "swiss"]
[EventRounds "9"]
[EventCountry "GER"]
[SourceTitle "EXT 2006"]
[Source "ChessBase"]
[SourceDate "2005.11.24"]
[SourceVersion "1"]
[SourceVersionDate "2005.11.24"]
[SourceQuality "1"]

1. c4 c6 2. d4 d5 3. e3 Nf6 4. Nc3 Bf5 5. Qb3 Qc7 6. Nf3 e6 7. Bd2 Nbd7 8. Be2 Ne4 9. cxd5 exd5 10. Rc1 Bd6 11. Nxd5 Qb8 12. Nc3 0-0 13. Nxe4 Bxe4 14. h3 Bd5 15. Qc2 Nf6 16. 0-0 Re8 17. a3 h6 18. Bb4 Bxb4 19. axb4 b5 20. Ne5 Rxe5 21. dxe5 Qxe5 22. Qc3 Qg5 23. g4 Re8 24. f4 Qh4 25. Kh2 Ne4 26. Qe1 Qf6 27. Bf3 Qxb2+ 28. Kg1 Nd2 29. Bxd5 Nxf1 30. Bxc6 Qh2+ 31. Kxf1 Qxf4+ 32. Kg2 Rxe3 33. Qf2 Qe5 34. Bf3 Rb3 35. Rc8+ Kh7 36. Qc2+ 1-0

[Event "Saarlouis op 7th"]
[Site "Saarlouis"]
[Date "2004.05.22"]
[Round "6"]
[White "Lang, Hermann"]
[Black "Diwo, Michael"]
[Result "1/2-1/2"]
[WhiteElo "1724"]
[BlackElo "1585"]
[PlyCount "87"]
[EventDate "2004.05.19"]
[EventType "swiss"]
[EventRounds "7"]
[EventCountry "GER"]
[SourceTitle "EXT 2006"]
[Source "ChessBase"]
[SourceDate "2005.11.24"]
[SourceVersion "1"]
[SourceVersionDate "2005.11.24"]
[SourceQuality "1"]

1. d4 Nf6 2. c4 e6 3. Nc3 Bb4 4. Bd2 b6 5. Nf3 Bb7 6. g3 c5 7. a3 cxd4 8. axb4 dxc3 9. Bxc3 0-0 10. Bg2 d5 11. 0-0 dxc4 12. Ne5 Bxg2 13. Kxg2 b5 14. Qxd8 Rxd8 15. Rfd1 Rxd1 16. Rxd1 Na6 17. Nc6 Nc7 18. f3 Nfd5 19. Kf2 Nxc3 20. bxc3 Nd5 21. Rc1 Kf8 22. e4 Nb6 23. Rd1 Ke8 24. Ke3 a6 25. Rd6 Na4 26. Kd2 Nb2 27. h3 Nd3 28. Ke3 Nc1 29. f4 Nb3 30. g4 a5 31. bxa5 Nxa5 32. Nb4 Rb8 33. e5 Nb3 34. h4 Nc5 35. Rc6 Na4 36. Kd2 Nb6 37. Rd6 Rd8 38. Rxd8+ Kxd8 39. Nc6+ Kd7 40. Nd4 Nd5 41. Nxb5 Nxf4 42. Nd6 Ng6 43. Nxf7 Nxh4 44. Ke3 1/2-1/2

[Event "Saarland-ch Seniors 23rd"]
[Site "Saarlouis"]
[Date "2004.04.08"]
[Round "7"]
[White "Pook, Rainer"]
[Black "Lang, Hermann"]
[Result "0-1"]
[WhiteElo "1627"]
[BlackElo "1729"]
[PlyCount "86"]
[EventDate "2004.04.02"]
[EventType "swiss"]
[EventRounds "9"]
[EventCountry "GER"]
[SourceTitle "CBM 099 Extra"]
[Source "ChessBase"]
[SourceDate "2004.05.04"]
[SourceVersion "1"]
[SourceVersionDate "2004.05.04"]
[SourceQuality "1"]

1. d4 c5 2. dxc5 e6 3. Bf4 Bxc5 4. e3 d5 5. Nd2 Nf6 6. Nb3 Be7 7. Bb5+ Bd7 8. Bxd7+ Nbxd7 9. Nf3 0-0 10. Qd4 b6 11. Ne5 Nxe5 12. Bxe5 Rc8 13. Qd3 Ne4 14. f3 Nd6 15. Bxd6 Bxd6 16. 0-0-0 Qc7 17. Nd4 Qb7 18. c3 a6 19. Rd2 b5 20. Kb1 b4 21. cxb4 Bxb4 22. Rc2 Be7 23. Rhc1 Bf6 24. Rxc8 Rxc8 25. Rxc8+ Qxc8 26. Qb3 g6 27. f4 Bxd4 28. exd4 Kg7 29. Qc3 Qxc3 30. bxc3 Kf6 31. Kc2 Kf5 32. Kd3 Kxf4 33. c4 dxc4+ 34. Kxc4 Ke4 35. Kc5 h5 36. a4 Ke3 37. d5 exd5 38. Kxd5 Kf2 39. g3 Kg2 40. a5 Kxh2 41. Kc6 Kxg3 42. Kb6 h4 43. Kxa6 h3 0-1

[Event "Saarland-ch Seniors 23rd"]
[Site "Saarlouis"]
[Date "2004.04.07"]
[Round "6"]
[White "Lang, Hermann"]
[Black "Maas, Karl Heinz"]
[Result "1-0"]
[WhiteElo "1729"]
[BlackElo "1462"]
[PlyCount "90"]
[EventDate "2004.04.02"]
[EventType "swiss"]
[EventRounds "9"]
[EventCountry "GER"]
[SourceTitle "CBM 099 Extra"]
[Source "ChessBase"]
[SourceDate "2004.05.04"]
[SourceVersion "1"]
[SourceVersionDate "2004.05.04"]
[SourceQuality "1"]

1. d4 Nf6 2. c4 e6 3. a3 c6 4. Nc3 d5 5. e3 Bd6 6. Nf3 Nbd7 7. Be2 0-0 8. Bd2 Ne4 9. Nxe4 dxe4 10. Ng1 b6 11. h4 f5 12. Qc2 c5 13. 0-0-0 Nf6 14. Nh3 h6 15. Bc3 Qe7 16. g3 Bb7 17. Nf4 Bxf4 18. gxf4 Ng4 19. Bxg4 fxg4 20. h5 Rf5 21. Qe2 Ba6 22. Qxg4 Bxc4 23. Rhg1 Rf7 24. Qg6 Bb3 25. Rd2 Rc8 26. Qxe4 Bd5 27. Qg6 Rf6 28. Qd3 c4 29. Qe2 Qb7 30. Rg3 a5 31. f3 b5 32. Bxa5 Qa8 33. Bb4 Qa4 34. Bc3 Qb3 35. Rc2 Rcf8 36. Kd2 Bc6 37. Qg2 R8f7 38. Rc1 Ra7 39. Rg1 Rff7 40. Rg6 b4 41. axb4 Ba4 42. Rc1 Bc6 43. Rxe6 Ra4 44. Rxc6 Rxb4 45. Rc8+ Kh7 1-0

[Event "Saarland-ch Seniors 23rd"]
[Site "Saarlouis"]
[Date "2004.04.05"]
[Round "4"]
[White "Lang, Hermann"]
[Black "Moeckel, Edgar"]
[Result "1/2-1/2"]
[WhiteElo "1729"]
[BlackElo "1986"]
[PlyCount "86"]
[EventDate "2004.04.02"]
[EventType "swiss"]
[EventRounds "9"]
[EventCountry "GER"]
[SourceTitle "CBM 099 Extra"]
[Source "ChessBase"]
[SourceDate "2004.05.04"]
[SourceVersion "1"]
[SourceVersionDate "2004.05.04"]
[SourceQuality "1"]

1. d4 Nf6 2. Nf3 d5 3. c4 e6 4. Nc3 c6 5. cxd5 exd5 6. Bg5 Be7 7. e3 Nbd7 8. Bd3 0-0 9. 0-0 Re8 10. Qc2 Nf8 11. Rac1 Ne4 12. Bxe7 Qxe7 13. Na4 Bg4 14. Ne5 Bh5 15. Be2 Bxe2 16. Qxe2 Ne6 17. a3 f6 18. Nf3 Nd6 19. b3 Nb5 20. Nc5 Nexd4 21. Nxd4 Nxd4 22. Qg4 Nb5 23. a4 Nd6 24. Rfd1 Rad8 25. Rd4 f5 26. Qh5 g6 27. Qh6 Ne4 28. b4 Rc8 29. h4 Qg7 30. Qf4 Nxc5 31. Rxc5 Re4 32. Rxe4 fxe4 33. Qd6 Qf7 34. b5 Rf8 35. Qg3 Qe7 36. Rc1 c5 37. h5 Kg7 38. a5 b6 39. axb6 axb6 40. Ra1 Kh6 41. hxg6 hxg6 42. Ra6 Qf6 43. Ra7 Rf7 1/2-1/2

[Event "Saarland-ch Seniors 23rd"]
[Site "Saarlouis"]
[Date "2004.04.04"]
[Round "3"]
[White "Becking, Alfred"]
[Black "Lang, Hermann"]
[Result "1-0"]
[WhiteElo "2069"]
[BlackElo "1729"]
[PlyCount "71"]
[EventDate "2004.04.02"]
[EventType "swiss"]
[EventRounds "9"]
[EventCountry "GER"]
[SourceTitle "CBM 099 Extra"]
[Source "ChessBase"]
[SourceDate "2004.05.04"]
[SourceVersion "1"]
[SourceVersionDate "2004.05.04"]
[SourceQuality "1"]

1. d4 Nf6 2. Nf3 c5 3. c3 b6 4. Bf4 g6 5. Nbd2 Bg7 6. e3 0-0 7. Be2 Nc6 8. Ne5 Nxe5 9. dxe5 Nd5 10. Bg3 e6 11. Bf3 Ba6 12. c4 Nb4 13. Bxa8 Nd3+ 14. Ke2 Nxb2 15. Qb3 Qxa8 16. Qxb2 Qxg2 17. Rhg1 Qc6 18. a4 d5 19. f3 dxc4 20. Kf2 Rd8 21. Qc2 Qd5 22. Rad1 Qd3 23. Qa2 Rd5 24. Ne4 Qb3 25. Qxb3 cxb3 26. Rxd5 exd5 27. Nc3 Bc4 28. Rd1 b2 29. Rd2 f6 30. f4 fxe5 31. fxe5 d4 32. exd4 Bh6 33. Rxb2 cxd4 34. Ne4 d3 35. Bh4 d2 36. Nxd2 1-0

[Event "Saarland-ch Seniors 23rd"]
[Site "Saarlouis"]
[Date "2004.04.02"]
[Round "1"]
[White "Kraemer, Elmar"]
[Black "Lang, Hermann"]
[Result "0-1"]
[WhiteElo "1421"]
[BlackElo "1729"]
[PlyCount "132"]
[EventDate "2004.04.02"]
[EventType "swiss"]
[EventRounds "9"]
[EventCountry "GER"]
[SourceTitle "CBM 099 Extra"]
[Source "ChessBase"]
[SourceDate "2004.05.04"]
[SourceVersion "1"]
[SourceVersionDate "2004.05.04"]
[SourceQuality "1"]

1. d4 Nf6 2. Bf4 e6 3. a3 Be7 4. e3 d5 5. Bd3 b6 6. Nd2 0-0 7. Ngf3 Nbd7 8. b4 Bb7 9. c3 Ne4 10. Bxe4 dxe4 11. Ne5 Nxe5 12. dxe5 Qd3 13. Nb1 Ba6 14. Qxd3 Bxd3 15. Nd2 c5 16. Nb3 Rfd8 17. Rd1 Rd7 18. Nc1 Rad8 19. f3 f5 20. exf6 Bxf6 21. Nxd3 Bxc3+ 22. Kf2 exd3 23. Bg5 Rc8 24. e4 Bd4+ 25. Be3 c4 26. Bxd4 Rxd4 27. Ke3 Rcd8 28. Kd2 b5 29. Rc1 R4d7 30. Rhd1 a5 31. Ra1 Ra7 32. Rdb1 Rda8 33. Kc3 a4 34. Kd2 e5 35. Re1 g5 36. Re3 Rf8 37. g4 Rf6 38. Rg1 Rh6 39. Rg2 Rg7 40. Re1 Rh3 41. Rf2 Rg6 42. Rh1 Rhh6 43. Ke3 Rh4 44. Kd2 Kg7 45. Ke1 c3 46. Kd1 Rb6 47. Kc1 Rf6 48. Rhf1 Rc6 49. Kb1 Rhh6 50. Kc1 Rhd6 51. Rh1 Rd4 52. Rff1 Rdc4 53. Rd1 Rd4 54. Rdf1 Rcd6 55. Rhg1 d2+ 56. Kd1 Rd3 57. Kc2 Re3 58. Kd1 Rf6 59. Kc2 Rexf3 60. Rxf3 Rxf3 61. Rh1 Re3 62. Kd1 Kf6 63. Rf1+ Ke6 64. Rg1 Kd6 65. h4 h6 66. hxg5 hxg5 0-1

[Event "Voelklingen ST-ch"]
[Site "Voelklingen"]
[Date "2003.04.16"]
[Round "5.6"]
[White "Wolfanger, Horst"]
[Black "Lang, Hermann"]
[Result "1/2-1/2"]
[WhiteElo "1518"]
[BlackElo "1738"]
[PlyCount "51"]
[EventDate "2003.04.11"]
[EventType "swiss"]
[EventRounds "7"]
[EventCountry "GER"]
[SourceTitle "EXT 2004"]
[Source "ChessBase"]
[SourceDate "2003.11.25"]
[SourceVersion "1"]
[SourceVersionDate "2003.11.25"]
[SourceQuality "1"]

1. d4 Nf6 2. c4 c5 3. d5 b5 4. e3 b4 5. a3 bxa3 6. Rxa3 d6 7. Nc3 g6 8. g3 Bg7 9. Bg2 0-0 10. Nge2 Na6 11. 0-0 Nb4 12. Qd2 Ng4 13. Na2 Nxa2 14. Rxa2 Ne5 15. b3 Rb8 16. Qc2 Qb6 17. Ra3 a6 18. Bb2 Qb4 19. Bc1 e6 20. Qd2 Qxd2 21. Bxd2 Bb7 22. Nf4 Rfe8 23. e4 exd5 24. Nxd5 Bxd5 25. cxd5 Bf8 26. f4 1/2-1/2

[Event "Voelklingen ST-ch"]
[Site "Voelklingen"]
[Date "2003.04.14"]
[Round "3.7"]
[White "Wolf, Margot"]
[Black "Lang, Hermann"]
[Result "1/2-1/2"]
[WhiteElo "1201"]
[BlackElo "1738"]
[PlyCount "144"]
[EventDate "2003.04.11"]
[EventType "swiss"]
[EventRounds "7"]
[EventCountry "GER"]
[SourceTitle "EXT 2004"]
[Source "ChessBase"]
[SourceDate "2003.11.25"]
[SourceVersion "1"]
[SourceVersionDate "2003.11.25"]
[SourceQuality "1"]

1. d4 Nf6 2. Nf3 c5 3. d5 d6 4. c4 b5 5. b3 bxc4 6. bxc4 g6 7. Nc3 Bg7 8. Bd2 0-0 9. Rb1 Bf5 10. Rc1 Nbd7 11. Nh4 Ne5 12. Nxf5 gxf5 13. e3 Rb8 14. Be2 Kh8 15. 0-0 Rg8 16. f4 Ned7 17. Bf3 Rb2 18. Rb1 Qb8 19. Qc1 Rxb1 20. Qxb1 Qxb1 21. Rxb1 Rb8 22. Rxb8+ Nxb8 23. Ne2 Nbd7 24. Ng3 e6 25. e4 fxe4 26. Nxe4 Nxe4 27. Bxe4 Bd4+ 28. Kh1 Nb6 29. Bd3 Kg7 30. dxe6 fxe6 31. g4 d5 32. cxd5 exd5 33. h4 c4 34. Bc2 Bb2 35. Kg2 d4 36. Kf2 d3 37. Bb1 Bd4+ 38. Be3 Bc3 39. g5 Nd5 40. f5 Be1+ 41. Kf3 Bxh4 42. Bd4+ Kf7 43. a4 Nb4 44. Bxa7 Bxg5 45. Bc5 c3 46. Bxb4 c2 47. Bxc2 dxc2 48. Ba3 c1Q 49. Bxc1 Bxc1 50. a5 Ba3 51. Ke4 Bc5 52. Kd5 Bf2 53. a6 Kf6 54. Ke4 h5 55. Kf3 Ba7 56. Kf4 Bb8+ 57. Kf3 Kxf5 58. Kg2 Kg4 59. Kh1 Ba7 60. Kg2 Bb8 61. Kh1 Kh3 62. Kg1 Ba7+ 63. Kh1 Kg4 64. Kg2 h4 65. Kh2 Bb8+ 66. Kg2 h3+ 67. Kh1 Ba7 68. Kh2 Bb8+ 69. Kh1 Kg3 70. Kg1 h2+ 71. Kh1 Kh3 72. a7 Bxa7 1/2-1/2